01001cam a2200265 a 450000100100000000500170001000800410002702000150006804000250008308200150010824501350012326000540025830000340031254600280034650000700037450400500044465000210049465000380051565100290055365100360058265000330061865100240065170000310067570000290070600001798120200929165313.0970807s1996 bl ab b 000 0 por  a8585981032 aDO-SdBNPbspacBNPHU axxxxbxxxx00aBrasil aventura :bilhas = islands /ccoordenacao, Ana Augusta Rocha, Roberto Linsker ; [fotografia, Roberto Linsker ... [et al.]. aSao Paulo, Brasil :bTerra Virgem Editora,c1996. a175 p. :bil., maps ;c29 cm. aPortuguese and English. aAccompanied by: Brasil aventura : ilhas = islands : guia = guide. aIncludes bibliographical references (p. 174). 4aIslandszBrazil. 4aIslandszBrazilxPictorial works. 4aBrazilzPictorial Works. 4aBrazilxDescription And Travel. 4aIslandszBrazilxGuidebooks. 4aBrazilxGuidebooks.1 aRocha, Ana Augusta,d1961-1 aLinsker, Roberto,d1964-